| 000 | 00523nab a2200145Ia 4500 | ||
|---|---|---|---|
| 003 | ES-SlBCS | ||
| 005 | 20210601133744.0 | ||
| 008 | 140529s1994 xxu||||| |||| 00| 0 por d | ||
| 041 | _apor | ||
| 100 | 1 |
_aCaporalini, José Beluci _9205716 |
|
| 245 | 0 | 0 |
_aFrege: filósofo da linguagem? Algumas consideraçoes sobre o pensamento da maturidade de Frege _c José Beluci Caporalini |
| 600 | 1 | 4 |
_aFrege, Gottlob _d, 1848-1925 _9132707 |
| 773 | 0 |
_tEducaçao e Filosofia _gvol. 8, nº. 15, 1994, págs. 99-107 _wRev1534 |
|
| 942 | _cAR | ||
| 999 |
_c601591 _d601591 |
||